<?xml version="1.0" encoding="UTF-8"?>
<record
    xmlns:xsi="http://www.w3.org/2001/XMLSchema-instance"
    xsi:schemaLocation="http://www.loc.gov/MARC21/slim http://www.loc.gov/standards/marcxml/schema/MARC21slim.xsd"
    xmlns="http://www.loc.gov/MARC21/slim">

  <leader>02056nam a22003257a 4500</leader>
  <controlfield tag="005">20100710123058.0</controlfield>
  <datafield tag="010" ind1=" " ind2=" ">
    <subfield code="a">ENG-96380    B-423879-884</subfield>
  </datafield>
  <datafield tag="020" ind1=" " ind2=" ">
    <subfield code="a">9780070700772</subfield>
    <subfield code="c">375.00</subfield>
  </datafield>
  <datafield tag="020" ind1=" " ind2=" ">
    <subfield code="a">007070077x</subfield>
    <subfield code="c">375.00</subfield>
  </datafield>
  <datafield tag="035" ind1=" " ind2=" ">
    <subfield code="a">EN-79913</subfield>
  </datafield>
  <datafield tag="035" ind1=" " ind2=" ">
    <subfield code="a">B-423879-884</subfield>
  </datafield>
  <datafield tag="037" ind1=" " ind2=" ">
    <subfield code="b">DBAD/PUB</subfield>
  </datafield>
  <datafield tag="082" ind1=" " ind2=" ">
    <subfield code="a">658</subfield>
  </datafield>
  <datafield tag="100" ind1=" " ind2=" ">
    <subfield code="a">Paul, Justin</subfield>
    <subfield code="9">31889</subfield>
  </datafield>
  <datafield tag="245" ind1=" " ind2=" ">
    <subfield code="a">Business environment :</subfield>
    <subfield code="c">by Justin Paul</subfield>
    <subfield code="b">text and cases /</subfield>
  </datafield>
  <datafield tag="250" ind1=" " ind2=" ">
    <subfield code="a">3rd ed</subfield>
  </datafield>
  <datafield tag="260" ind1=" " ind2=" ">
    <subfield code="a">New Delhi</subfield>
    <subfield code="b">Tata McGraw Hill Publishing</subfield>
    <subfield code="c">2010</subfield>
  </datafield>
  <datafield tag="270" ind1=" " ind2=" ">
    <subfield code="a">7, West Patel Nagar</subfield>
    <subfield code="b">New Delhi</subfield>
    <subfield code="e">110008</subfield>
  </datafield>
  <datafield tag="300" ind1=" " ind2=" ">
    <subfield code="a">xx,507 p. </subfield>
    <subfield code="c">23cm. (pbk)</subfield>
  </datafield>
  <datafield tag="500" ind1=" " ind2=" ">
    <subfield code="a">Includes index.</subfield>
  </datafield>
  <datafield tag="942" ind1=" " ind2=" ">
    <subfield code="2">ddc</subfield>
    <subfield code="c">EN</subfield>
    <subfield code="m">PAU</subfield>
    <subfield code="h">658</subfield>
  </datafield>
  <datafield tag="999" ind1=" " ind2=" ">
    <subfield code="c">36882</subfield>
    <subfield code="d">36882</subfield>
  </datafield>
  <datafield tag="952" ind1=" " ind2=" ">
    <subfield code="0">0</subfield>
    <subfield code="1">0</subfield>
    <subfield code="2">ddc</subfield>
    <subfield code="4">0</subfield>
    <subfield code="7">1</subfield>
    <subfield code="8">NFIC</subfield>
    <subfield code="a">DBAD</subfield>
    <subfield code="b">DBAD</subfield>
    <subfield code="d">2010-07-10</subfield>
    <subfield code="e">DBAD/PUB</subfield>
    <subfield code="g">375.00</subfield>
    <subfield code="l">0</subfield>
    <subfield code="o">658 PAU</subfield>
    <subfield code="p">EN-79913</subfield>
    <subfield code="r">2010-07-10 00:00:00</subfield>
    <subfield code="t">1</subfield>
    <subfield code="v">375.00</subfield>
    <subfield code="w">2010-07-10</subfield>
    <subfield code="y">EN</subfield>
  </datafield>
  <datafield tag="952" ind1=" " ind2=" ">
    <subfield code="0">0</subfield>
    <subfield code="1">0</subfield>
    <subfield code="4">0</subfield>
    <subfield code="7">0</subfield>
    <subfield code="8">NFIC</subfield>
    <subfield code="a">L</subfield>
    <subfield code="b">L</subfield>
    <subfield code="d">2011-08-08</subfield>
    <subfield code="e">Researchco Book Centre/RBC-22385/2011-12/14.3.11/76/4.3.11/21.3.11</subfield>
    <subfield code="g">375.00</subfield>
    <subfield code="l">8</subfield>
    <subfield code="m">1</subfield>
    <subfield code="o">658 PAU</subfield>
    <subfield code="p">B-423879</subfield>
    <subfield code="r">2023-02-20 00:00:00</subfield>
    <subfield code="s">2023-01-14</subfield>
    <subfield code="t">2</subfield>
    <subfield code="v">375.00</subfield>
    <subfield code="w">2011-08-08</subfield>
    <subfield code="y">EN</subfield>
  </datafield>
  <datafield tag="952" ind1=" " ind2=" ">
    <subfield code="0">0</subfield>
    <subfield code="1">0</subfield>
    <subfield code="4">0</subfield>
    <subfield code="7">0</subfield>
    <subfield code="8">NFIC</subfield>
    <subfield code="a">L</subfield>
    <subfield code="b">L</subfield>
    <subfield code="d">2011-08-08</subfield>
    <subfield code="e">Researchco Book Centre/RBC-22385/2011-12/14.3.11/76/4.3.11/21.3.11</subfield>
    <subfield code="g">375.00</subfield>
    <subfield code="l">8</subfield>
    <subfield code="o">658 PAU</subfield>
    <subfield code="p">B-423880</subfield>
    <subfield code="r">2024-04-08 00:00:00</subfield>
    <subfield code="s">2024-03-26</subfield>
    <subfield code="t">2</subfield>
    <subfield code="v">375.00</subfield>
    <subfield code="w">2011-08-08</subfield>
    <subfield code="y">EN</subfield>
  </datafield>
  <datafield tag="952" ind1=" " ind2=" ">
    <subfield code="0">0</subfield>
    <subfield code="1">0</subfield>
    <subfield code="4">0</subfield>
    <subfield code="7">0</subfield>
    <subfield code="8">NFIC</subfield>
    <subfield code="a">BL1</subfield>
    <subfield code="b">BL1</subfield>
    <subfield code="d">2011-08-08</subfield>
    <subfield code="e">Researchco Book Centre/RBC-22385/2011-12/14.3.11/76/4.3.11/21.3.11</subfield>
    <subfield code="g">375.00</subfield>
    <subfield code="l">2</subfield>
    <subfield code="o">658 PAU</subfield>
    <subfield code="p">B-423881</subfield>
    <subfield code="r">2019-06-03 00:00:00</subfield>
    <subfield code="s">2019-05-25</subfield>
    <subfield code="t">1</subfield>
    <subfield code="v">375.00</subfield>
    <subfield code="w">2011-08-08</subfield>
    <subfield code="y">EN</subfield>
  </datafield>
  <datafield tag="952" ind1=" " ind2=" ">
    <subfield code="0">0</subfield>
    <subfield code="1">0</subfield>
    <subfield code="4">0</subfield>
    <subfield code="7">0</subfield>
    <subfield code="8">NFIC</subfield>
    <subfield code="a">JP</subfield>
    <subfield code="b">JP</subfield>
    <subfield code="d">2011-08-08</subfield>
    <subfield code="e">Researchco Book Centre/RBC-22385/2011-12/14.3.11/76/4.3.11/21.3.11</subfield>
    <subfield code="g">375.00</subfield>
    <subfield code="l">18</subfield>
    <subfield code="m">8</subfield>
    <subfield code="o">658 PAU</subfield>
    <subfield code="p">B-423882</subfield>
    <subfield code="r">2017-11-15 00:00:00</subfield>
    <subfield code="s">2017-11-01</subfield>
    <subfield code="t">1</subfield>
    <subfield code="v">375.00</subfield>
    <subfield code="w">2011-08-08</subfield>
    <subfield code="y">EN</subfield>
  </datafield>
  <datafield tag="952" ind1=" " ind2=" ">
    <subfield code="0">0</subfield>
    <subfield code="1">0</subfield>
    <subfield code="4">0</subfield>
    <subfield code="7">0</subfield>
    <subfield code="8">NFIC</subfield>
    <subfield code="a">ZLS</subfield>
    <subfield code="b">ZLS</subfield>
    <subfield code="d">2011-08-08</subfield>
    <subfield code="e">Researchco Book Centre/RBC-22385/2011-12/14.3.11/76/4.3.11/21.3.11</subfield>
    <subfield code="g">375.00</subfield>
    <subfield code="l">5</subfield>
    <subfield code="o">658 PAU</subfield>
    <subfield code="p">B-423883</subfield>
    <subfield code="r">2024-04-29 00:00:00</subfield>
    <subfield code="s">2024-04-15</subfield>
    <subfield code="t">1</subfield>
    <subfield code="v">375.00</subfield>
    <subfield code="w">2011-08-08</subfield>
    <subfield code="y">EN</subfield>
  </datafield>
  <datafield tag="952" ind1=" " ind2=" ">
    <subfield code="0">0</subfield>
    <subfield code="1">0</subfield>
    <subfield code="4">0</subfield>
    <subfield code="7">0</subfield>
    <subfield code="8">NFIC</subfield>
    <subfield code="a">BL4</subfield>
    <subfield code="b">BL4</subfield>
    <subfield code="d">2011-08-08</subfield>
    <subfield code="e">Researchco Book Centre/RBC-22385/2011-12/14.3.11/76/4.3.11/21.3.11</subfield>
    <subfield code="g">375.00</subfield>
    <subfield code="l">9</subfield>
    <subfield code="m">6</subfield>
    <subfield code="o">658 PAU</subfield>
    <subfield code="p">B-423884</subfield>
    <subfield code="r">2026-04-04 08:01:38</subfield>
    <subfield code="s">2026-03-18</subfield>
    <subfield code="t">1</subfield>
    <subfield code="v">375.00</subfield>
    <subfield code="w">2011-08-08</subfield>
    <subfield code="y">EN</subfield>
  </datafield>
</record>
